000 00528nam a2200217Ia 4500
003 OSt
005 20220928141034.0
006 a|||||r|||| 00| 0
007 ta
008 220927b |||||||| |||| 00| 0 eng d
024 _a13045
037 _cTextual
040 _aSDCL
_cSDCL
_beng
041 _2eng
_aeng
082 _aO-,4M85x, L9.1
100 _aLawrence D H
245 0 _aLetters of D H Lawrence.
260 _c1999
942 _hO-,4M85x, L9.1
_cTEXL
_2CC
999 _c815454
_d815454